| 000 | 00589nam a2200253Ia 4500 | ||
|---|---|---|---|
| 005 | 20250425160915.0 | ||
| 008 | 250425s9999 xx 000 0 und d | ||
| 020 | _a0306304457 | ||
| 041 | _aeng | ||
| 082 | _a550.18 | ||
| 100 | _aMERRIAM, DANIEL F | ||
| 245 | 0 | _aCOMPUTER APPLICATIONS IN THE EARTH SCIENCES | |
| 250 | _aS.E. | ||
| 260 |
_aEstados Unidos _bPLENUM PRESS _c1969 |
||
| 260 | _aNEW YORK | ||
| 300 | _a281 | ||
| 650 | _aANALISIS | ||
| 650 | _aDISEÑO | ||
| 650 | _aGEOFISICA | ||
| 650 | _aGEOQUIMICA | ||
| 650 | _aHIDROLOGIA | ||
| 942 | _c01 | ||
| 010 | _a8059 | ||
| 999 |
_c198591 _d198591 |
||